Adivinhe os estádios dos times de futebol brasileiros - Statistics

Estatísticas Gerais
  • Esse quiz foi jogado 969 vezes
  • A pontuação média é 7 de 15
Estatísticas das Respostas
Times: Estádio: % Correto
Santos Futebol Clube Vila Belmiro
94%
Clube atlético Mineiro Mineirão
93%
Vasco da Gama São Januário
86%
Associação Chapecoense de Futebol Arena Condá
70%
Coritiba Foot Ball Club Couto Pereira
64%
Esporte Clube Juventude Alfredo Jaconi
54%
Guarani Futebol Clube Brinco de Ouro da Princesa
46%
Associação Atlética Ponte Preta Moises Lucarelli
44%
Centro Sportivo Alagoano (CSA) Rei Pelé
42%
Clube Náutico Capibaribe Estadio dos aflitos
31%
Associação Portuguesa de Desportos Estádio do Canindé
21%
Santa Cruz Futebol Clube Estádio do Arruda
20%
Ituano Futebol Clube Novelli Junior
14%
Paysandu Sport Club Estadio da Curuzú
9%
Internacional de Limeira Limeirão
8%
Nenhum quiz correspondente encontrado
Distribuição das Pontuações
Porcentagem de Pessoas com Cada Pontuação
Percentil de Números Respondidos
Sua Pontuação Histórica
Você não jogou esse quiz